Catálogo

Vista normal Vista MARC

Entrada Personal Name

Número de registros utilizados en: 1

001 - CONTROL NUMBER

  • control field: 16654

003 - CONTROL NUMBER IDENTIFIER

  • control field: DLC

005 - DATE AND TIME OF LATEST TRANSACTION

  • control field: 20250120103911.0

008 - FIXED-LENGTH DATA ELEMENTS

  • fixed length control field: 040405n| acannaabn |n aaa

010 ## - LIBRARY OF CONGRESS CONTROL NUMBER

  • LC control number: n 2004024562

040 ## - CATALOGING SOURCE

  • Original cataloging agency: DLC
  • Language of cataloging: spa
  • Transcribing agency: Mx-PuUPA
  • Modifying agency: Mx-PuUPA
  • Description conventions: rda

100 1# - HEADING--PERSONAL NAME

  • Personal name: Nembrini, Franco,

370 ## - ASSOCIATED PLACE

  • Place of birth: Trescore Balneario, Italia

373 ## - ASSOCIATED GROUP

  • Associated group: Universidad Católica de Milán

374 ## - OCCUPATION

  • Occupation: Autor
  • Occupation: licenciado en Pedagogía
  • Occupation: Profesor de secundaria de Lengua y Literatura italiana y de Historia

375 ## - GENDER

  • Gender: hombre

377 ## - ASSOCIATED LANGUAGE

  • Language code: ita

670 ## - SOURCE DATA FOUND

  • Source citation: Nembrini, Franco. Alla ricerca dell'io perduto, 2003:
  • Information found: t.p. (Franco Nembrini)